[Event "Memorial Achille Giglio"]
[Site "Napoli ITA"]
[Date "2015.09.10"]
[Round "1"]
[White "Baccelliere, Donato"]
[Black "De Rosa, Francesco"]
[WhiteElo "1451"]
[BlackElo "1957"]
[Result "0-1"]
[PlyCount "62"]
[EventDate "2015.09.10"]

1. e4 c5 2. Nf3 Nc6 3. d4 cxd4 4. Nxd4 Nf6 5. Nc3 e5 6. Nf3 Bb4 7. Bd3 O-O 8.
Bd2 d6 9. Ne2 Bxd2+ 10. Qxd2 d5 11. Ng3 d4 12. O-O Qd6 13. a3 Bg4 14. Nh4 g6
15. Qg5 Ne7 16. f4 Qd7 17. Qxf6 exf4 18. Rxf4 Be6 19. Raf1 Rac8 20. Qg5 Kh8 21.
Nh5 gxh5 22. Qxh5 Kg7 23. e5 Ng6 24. Nf5+ Bxf5 25. Bxf5 Qe7 26. Bxc8 Nxf4 27.
Qg4+ Ng6 28. Re1 Qc5 29. Bxb7 d3+ 30. Kh1 dxc2 31. Rc1 Qe3 0-1

[Event "Memorial Achille Giglio"]
[Site "Napoli ITA"]
[Date "2015.09.10"]
[Round "1"]
[White "Buiano, Fabio"]
[Black "Fortuna, Armando"]
[WhiteElo "2106"]
[BlackElo "1549"]
[Result "1-0"]
[PlyCount "79"]
[EventDate "2015.09.10"]

1. e4 c5 2. Nc3 g6 3. f4 d6 4. Nf3 Bg7 5. Bb5+ Nc6 6. O-O e6 7. Bxc6+ bxc6 8.
d3 Ne7 9. e5 d5 10. b3 Qa5 11. Na4 Nf5 12. Bd2 Qc7 13. Qe1 a5 14. Nxc5 O-O 15.
Qf2 Rd8 16. a3 Ba6 17. Rfe1 Bf8 18. g4 Ng7 19. b4 Bxc5 20. Qxc5 axb4 21. axb4
Qa7 22. Qxa7 Rxa7 23. Nd4 Rc8 24. Nb3 Raa8 25. Ra5 Bb5 26. Rea1 Rxa5 27. Rxa5
Ne8 28. Kf2 Nc7 29. Ke3 Ra8 30. Rxa8+ Nxa8 31. Kd4 Nb6 32. Kc5 Na4+ 33. Kd6 Nb2
34. Nd4 Ba4 35. Kc5 Kf8 36. Kb6 Ke8 37. Ka5 Kd7 38. Bc1 Bxc2 39. Bxb2 Bxd3 40.
Kb6 1-0

[Event "Memorial Achille Giglio"]
[Site "Napoli ITA"]
[Date "2015.09.10"]
[Round "1"]
[White "Cammarota, Andrea"]
[Black "La Manna, Simone"]
[WhiteElo "1563"]
[BlackElo "1296"]
[Result "1-0"]
[PlyCount "77"]
[EventDate "2015.09.10"]

1. e4 e5 2. Nf3 Nc6 3. d4 d6 4. h3 Nf6 5. Nc3 Be7 6. Be3 O-O 7. Bc4 Be6 8. d5
Na5 9. Be2 Bd7 10. O-O Qc8 11. Qd2 Ng4 12. hxg4 Bxg4 13. Nh2 Bxe2 14. Qxe2 c6
15. dxc6 Qxc6 16. Nd5 Bd8 17. b3 Re8 18. c4 Bb6 19. Nxb6 axb6 20. Qd3 Red8 21.
Rfc1 Rac8 22. Rc2 f5 23. Qd5+ Qxd5 24. exd5 f4 25. Bxb6 Rf8 26. Bxa5 Rf5 27. f3
Rc5 28. Bb4 Rc7 29. Bxd6 Rcf7 30. Bb4 R7f6 31. d6 Rg6 32. Ng4 Rh5 33. d7 h6 34.
d8=Q+ Kh7 35. Re1 Rgg5 36. Rce2 Kg6 37. Rxe5 Rxe5 38. Rxe5 Rxe5 39. Nxe5+ 1-0

[Event "Memorial Achille Giglio"]
[Site "Napoli ITA"]
[Date "2015.09.10"]
[Round "1"]
[White "Chiaiese, Luciano"]
[Black "Calvanese, Giuseppe"]
[WhiteElo "1425"]
[BlackElo "1766"]
[Result "0-1"]
[PlyCount "132"]
[EventDate "2015.09.10"]

1. e4 e5 2. Nf3 d6 3. g3 Nf6 4. Nc3 Nc6 5. Bb5 Bd7 6. d3 a6 7. Ba4 g6 8. Bg5
Bg7 9. Nd5 h6 10. Bxf6 Bxf6 11. h3 Bg7 12. c3 Ne7 13. Nxe7 Qxe7 14. d4 O-O 15.
Bxd7 Qxd7 16. dxe5 Rfe8 17. Qd4 Bxe5 18. Nxe5 Rxe5 19. f4 Re7 20. O-O-O Rae8
21. e5 Re6 22. g4 Qc6 23. Rhe1 dxe5 24. fxe5 Qb5 25. c4 Qa5 26. Qd5 Qxd5 27.
Rxd5 f6 28. Rd7 R6e7 29. e6 Kf8 30. Red1 Rxd7 31. Rxd7 Re7 32. Rd8+ Kg7 33. Rd7
Kf8 34. Rd8+ Re8 35. Rd7 Rxe6 36. Rxc7 Rc6 37. Rxc6 bxc6 38. Kd2 Ke7 39. Kc3
Kd6 40. Kd4 c5+ 41. Ke4 Ke6 42. a3 a5 43. h4 f5+ 44. gxf5+ gxf5+ 45. Kf4 Kf6
46. h5 a4 47. Ke3 Kg5 48. Kf3 Kxh5 49. Kf4 Kg6 50. Ke5 h5 51. Kd6 h4 52. Kxc5
h3 53. Kb4 h2 54. Kxa4 h1=Q 55. b4 Qc6+ 56. Kb3 f4 57. b5 Qb6 58. Kb4 f3 59. c5
Qb8 60. c6 f2 61. Kc5 f1=Q 62. a4 Qf5+ 63. Kb4 Qd5 64. Ka5 Qa7+ 65. Kb4 Qe4+
66. Kb3 Qae3+ 0-1

[Event "Memorial Achille Giglio"]
[Site "Napoli ITA"]
[Date "2015.09.10"]
[Round "1"]
[White "Compagnone, Marika"]
[Black "Di Giovine, Massimo"]
[WhiteElo "1401"]
[BlackElo "1702"]
[Result "0-1"]
[PlyCount "88"]
[EventDate "2015.09.10"]

1. e4 c5 2. d4 cxd4 3. Qxd4 Nc6 4. Qd1 Nf6 5. Nc3 e6 6. Bb5 a6 7. Bxc6 bxc6 8.
Nf3 d6 9. O-O e5 10. Re1 h6 11. b3 Be7 12. h3 O-O 13. Ba3 Qa5 14. Bxd6 Bxd6 15.
Qxd6 Qxc3 16. Nxe5 Bb7 17. Rac1 c5 18. Re3 Qa5 19. Nc6 Bxc6 20. Qxc6 Rac8 21.
Qd6 Qxa2 22. f3 Qb2 23. Qd1 Nh5 24. Rd3 Nf4 25. Rd2 Qe5 26. Rd5 Nxd5 27. exd5
Rcd8 28. c4 Ra8 29. Qd2 Rfd8 30. f4 Qf6 31. Re1 a5 32. Qe3 Qd6 33. Kh1 a4 34.
bxa4 Rxa4 35. Qc1 Rda8 36. Qc3 Qxf4 37. Rc1 Ra3 38. Qc2 Ra2 39. Qc3 R8a3 40.
Qe1 Qd6 41. Rd1 Qg6 42. Qf1 Rg3 43. d6 Rgxg2 44. Qxg2 Qxg2# 0-1

[Event "Memorial Achille Giglio"]
[Site "Napoli ITA"]
[Date "2015.09.10"]
[Round "1"]
[White "Cosenza, Gianni"]
[Black "Compagnone, Luigi"]
[WhiteElo "1961"]
[BlackElo "1461"]
[Result "1-0"]
[PlyCount "63"]
[EventDate "2015.09.10"]

1. e4 e5 2. Nf3 Nc6 3. Bb5 a6 4. Ba4 b5 5. Bb3 Nf6 6. d3 Bc5 7. O-O O-O 8. Bg5
h6 9. Bh4 d6 10. h3 Qe7 11. Nc3 Be6 12. Nd5 Bxd5 13. Bxd5 Qd7 14. Bxf6 gxf6 15.
Qd2 Kg7 16. Nh4 Rh8 17. Nf5+ Kg6 18. Bxc6 Qxc6 19. Ne7+ Kg7 20. Nxc6 a5 21. c3
Ra6 22. Ne7 b4 23. Nf5+ Kf8 24. d4 exd4 25. cxd4 Bb6 26. e5 fxe5 27. dxe5 Bc5
28. Rac1 Rc6 29. Qd5 Rb6 30. Rxc5 Rb8 31. Rxc7 Rd8 32. Qxf7# 1-0

[Event "Memorial Achille Giglio"]
[Site "Napoli ITA"]
[Date "2015.09.10"]
[Round "1"]
[White "Di Gennaro, Antonio"]
[Black "Cuccaro, Giuseppina"]
[WhiteElo "1666"]
[BlackElo "1398"]
[Result "1/2-1/2"]
[PlyCount "101"]
[EventDate "2015.09.10"]

1. e4 c6 2. d4 d5 3. e5 Bf5 4. Nf3 e6 5. Be2 Ne7 6. O-O Ng6 7. b3 Be7 8. c4 O-O
9. Na3 Nh4 10. Nxh4 Bxh4 11. g3 Be7 12. Nc2 Bh3 13. Re1 Nd7 14. Bg4 Bxg4 15.
Qxg4 f6 16. exf6 Rxf6 17. Rxe6 Qf8 18. Rxf6 Nxf6 19. Qe2 Re8 20. Be3 Ne4 21.
Qf1 Bg5 22. f4 Be7 23. cxd5 cxd5 24. Qb5 Nc3 25. Qxb7 Rc8 26. Kh1 Qf5 27. Ne1
Qe4+ 28. Ng2 Re8 29. Qa6 Bf6 30. Qf1 Rb8 31. Qf2 Rb4 32. Rc1 Bxd4 33. Qc2 Bxe3
34. Qxe4 Rxe4 35. Rxc3 Bf2 36. Rd3 d4 37. Rd2 Be3 38. Nxe3 dxe3 39. Re2 Rd4 40.
Rxe3 Rd1+ 41. Kg2 Rd2+ 42. Kh3 Rxa2 43. g4 Kf7 44. g5 Ra3 45. Kg4 a5 46. Kf3
Kg6 47. Ke4 Ra1 48. Rd3 Re1+ 49. Kf3 Rf1+ 50. Ke4 Kh5 51. Rf3 1/2-1/2

[Event "Memorial Achille Giglio"]
[Site "Napoli ITA"]
[Date "2015.09.10"]
[Round "1"]
[White "Di Leva, Michele"]
[Black "Bellame, Andrea"]
[WhiteElo "1588"]
[BlackElo "1347"]
[Result "1-0"]
[PlyCount "25"]
[EventDate "2015.09.10"]

1. d4 d5 2. c4 Nf6 3. cxd5 Nxd5 4. e4 Nf6 5. Nc3 Nc6 6. d5 Ne5 7. f4 Neg4 8. e5
Nh5 9. h3 Ng3 10. Bb5+ c6 11. dxc6 Qb6 12. c7+ Bd7 13. Qxd7# 1-0

[Event "Memorial Achille Giglio"]
[Site "Napoli ITA"]
[Date "2015.09.10"]
[Round "1"]
[White "Esposito, Rosario"]
[Black "Scarnera, Francesco"]
[WhiteElo "1828"]
[BlackElo "1440"]
[Result "1-0"]
[PlyCount "93"]
[EventDate "2015.09.10"]

1. d4 d5 2. c4 e6 3. Nc3 Nf6 4. Bg5 Nbd7 5. e3 Be7 6. Nf3 b6 7. cxd5 exd5 8.
Bb5 O-O 9. O-O Bb7 10. Bxf6 Nxf6 11. Ne5 Qd6 12. Bd3 c6 13. a3 Bd8 14. Qe2 a6
15. Rac1 Bc7 16. f4 Rae8 17. Bxa6 Bxa6 18. Qxa6 Nd7 19. Qd3 Nxe5 20. fxe5 Qh6
21. Rf3 Re6 22. Rh3 Qg6 23. Qxg6 Rxg6 24. Nxd5 Bd8 25. Nf4 Rg4 26. Rxc6 Bg5 27.
Rg3 Rxg3 28. hxg3 Rb8 29. Kf2 b5 30. d5 h6 31. Nd3 Kf8 32. d6 Ke8 33. Rc7 Bd8
34. Rc2 Bb6 35. Nb4 Kd7 36. Kf3 Rc8 37. Rxc8 Kxc8 38. Nd5 Ba5 39. b4 Bd8 40.
Nc3 Kb7 41. Nxb5 Kc6 42. Nc3 Bb6 43. b5+ Kc5 44. Na4+ Kxb5 45. Nxb6 Kxb6 46. a4
f6 47. e6 1-0

[Event "Memorial Achille Giglio"]
[Site "Napoli ITA"]
[Date "2015.09.10"]
[Round "1"]
[White "Ficco, Corrado"]
[Black "Pellegrino, Giovanni"]
[WhiteElo "2033"]
[BlackElo "1523"]
[Result "1-0"]
[PlyCount "33"]
[EventDate "2015.09.10"]

1. e4 e6 2. d4 d5 3. Nc3 Nf6 4. Bg5 Be7 5. e5 Nfd7 6. Bxe7 Qxe7 7. f4 a6 8. Nf3
c5 9. dxc5 Nxc5 10. Bd3 Nc6 11. O-O O-O 12. Bxh7+ Kh8 13. Bd3 f6 14. Nh4 Qf7
15. Bg6 Qc7 16. Qh5+ Kg8 17. Qh7# 1-0

[Event "Memorial Achille Giglio"]
[Site "Napoli ITA"]
[Date "2015.09.10"]
[Round "1"]
[White "Guglielmi, Domenico Donato"]
[Black "Zinnai, Graziano Matteo"]
[WhiteElo "1538"]
[BlackElo "2097"]
[Result "0-1"]
[PlyCount "84"]
[EventDate "2015.09.10"]

1. d4 Nf6 2. c4 e6 3. Nf3 d5 4. cxd5 exd5 5. Nc3 c6 6. Bg5 Bd6 7. e4 dxe4 8.
Nxe4 Qe7 9. Bd3 Bb4+ 10. Nfd2 Nbd7 11. O-O O-O 12. a3 Bxd2 13. Qxd2 Nxe4 14.
Bxe7 Nxd2 15. Bxf8 Nxf8 16. Rfe1 Be6 17. Rad1 Nb3 18. Be4 Rd8 19. Re3 Rxd4 20.
Rxd4 Nxd4 21. Kf1 f5 22. Bf3 Kf7 23. Ke1 Nc2+ 24. Kd2 Nxe3 25. Kxe3 Kf6 26. Kd4
Nd7 27. Kc3 Ke5 28. Be2 Nc5 29. f3 b5 30. b4 Na4+ 31. Kc2 Kd4 32. f4 Bd5 33. g3
Nc3 34. Bf1 Ne4 35. Bh3 g6 36. Bf1 Ke3 37. Bg2 Bc4 38. Bxe4 fxe4 39. Kc3 Kf2
40. Kd4 e3 41. Kc5 e2 42. Kxc6 e1=Q 0-1

[Event "Memorial Achille Giglio"]
[Site "Napoli ITA"]
[Date "2015.09.10"]
[Round "1"]
[White "Isoldo, Ciro"]
[Black "Messina, Enrico"]
[WhiteElo "1561"]
[BlackElo "2144"]
[Result "0-1"]
[PlyCount "74"]
[EventDate "2015.09.10"]

1. e4 c5 2. Nf3 d6 3. d4 cxd4 4. Nxd4 Nf6 5. Nc3 g6 6. Bc4 Bg7 7. O-O O-O 8.
Bg5 Nxe4 9. Nxe4 d5 10. c3 dxc4 11. Nc2 Qxd1 12. Raxd1 Bf5 13. Rfe1 Nc6 14. Nd4
Nxd4 15. cxd4 Bxe4 16. Rxe4 e6 17. d5 exd5 18. Rxd5 Rfe8 19. Rxe8+ Rxe8 20. g3
Bxb2 21. Rb5 Bd4 22. Rxb7 Kg7 23. Rd7 Bb6 24. Rd2 h6 25. Bf4 g5 26. Bd6 Kg6 27.
Bb4 g4 28. a4 Rd8 29. Kf1 Rxd2 30. Bxd2 h5 31. Ke2 Kf5 32. Be3 Ke4 33. Bd2 a6
34. a5 Bd4 35. Be3 Bxe3 36. fxe3 c3 37. Kd1 Kxe3 0-1

[Event "Memorial Achille Giglio"]
[Site "Napoli ITA"]
[Date "2015.09.10"]
[Round "1"]
[White "Marchesini, Giulia"]
[Black "Capozzoli, Silvio"]
[WhiteElo "1332"]
[BlackElo "1587"]
[Result "0-1"]
[PlyCount "109"]
[EventDate "2015.09.10"]

1. e4 e5 2. Nf3 Nc6 3. Nc3 Nf6 4. d3 Bc5 5. Be2 d6 6. O-O d5 7. exd5 Nxd5 8.
Nxd5 Qxd5 9. Be3 Bd4 10. c3 Bxe3 11. fxe3 Qe6 12. e4 Qg6 13. Rf2 O-O 14. Qd2
Qh5 15. Qe3 f6 16. Bf1 Ne7 17. d4 Ng6 18. Bc4+ Kh8 19. g3 h6 20. Raf1 f5 21.
exf5 Bxf5 22. Nxe5 Bh3 23. Re1 Rae8 24. Qd2 Rxf2 25. Qxf2 Rf8 26. Qe3 Re8 27.
Qe2 Qf5 28. Qe4 Nxe5 29. dxe5 Rxe5 30. Qxe5 Qxe5 31. Rxe5 a6 32. a3 b5 33. Bd5
c5 34. Bc6 Kg8 35. Bb7 Bd7 36. Rxc5 a5 37. Bd5+ Kf8 38. Bf3 Ke7 39. Kf2 Kd6 40.
Rh5 Bc6 41. Bxc6 Kxc6 42. Rh4 g5 43. Re4 Kd5 44. Ke3 Kc5 45. Rd4 h5 46. Kf3 b4
47. axb4+ axb4 48. Rxb4 g4+ 49. Kf4 Kd5 50. Ke3 Kc5 51. Kf2 Kd5 52. Kg2 Ke5 53.
h3 Kd6 54. hxg4 hxg4 55. Rxg4 0-1

[Event "Memorial Achille Giglio"]
[Site "Napoli ITA"]
[Date "2015.09.10"]
[Round "1"]
[White "Messina, Francesca"]
[Black "Di Meo, Antonio"]
[WhiteElo "1440"]
[BlackElo "1844"]
[Result "0-1"]
[PlyCount "80"]
[EventDate "2015.09.10"]

1. e4 e6 2. d3 b5 3. Nf3 a6 4. Nc3 Bb7 5. Be3 c5 6. d4 Nf6 7. Bd3 c4 8. O-O
cxd3 9. Qxd3 Nc6 10. d5 Nb4 11. Qd2 exd5 12. Ng5 dxe4 13. Ngxe4 Nxe4 14. Nxe4
Bxe4 15. Bg5 f6 16. Bf4 Be7 17. Rfe1 d5 18. c3 Nd3 19. Re2 Nxf4 20. Qxf4 O-O
21. b3 Bd3 22. Qf3 Bxe2 23. Qxe2 Re8 24. Re1 Bc5 25. Qd1 Rxe1+ 26. Qxe1 Qe8 27.
Kf1 Qxe1+ 28. Kxe1 Re8+ 29. Kd1 Bxf2 30. c4 dxc4 31. bxc4 bxc4 32. Kc2 Bd4 33.
g3 Re2+ 34. Kd1 Rxa2 35. Kc1 a5 36. Kb1 Rxh2 37. Kc1 a4 38. Kd1 a3 39. Ke1 a2
40. Kf1 a1=Q# 0-1

[Event "Memorial Achille Giglio"]
[Site "Napoli ITA"]
[Date "2015.09.10"]
[Round "1"]
[White "Minopoli, Francesco"]
[Black "Orefice, Matteo"]
[WhiteElo "1616"]
[BlackElo "1377"]
[Result "1/2-1/2"]
[PlyCount "97"]
[EventDate "2015.09.10"]

1. c4 e5 2. g3 Nf6 3. Bg2 Nc6 4. Nc3 Bb4 5. e4 d6 6. Nge2 O-O 7. O-O Be6 8. Nd5
a6 9. a3 Bc5 10. Kh1 Ng4 11. Qe1 b5 12. f3 Nf6 13. d3 h6 14. Qd2 Rb8 15. b4 Bd4
16. Bb2 Bxb2 17. Qxb2 a5 18. Rfc1 Bxd5 19. cxd5 Ne7 20. bxa5 c5 21. dxc6 Qxa5
22. Qb4 Qxb4 23. axb4 Rfc8 24. Ra6 d5 25. f4 dxe4 26. Bxe4 exf4 27. Nxf4 Rc7
28. Bg2 g5 29. Ne2 Nfd5 30. Bxd5 Nxd5 31. Rb1 Rbc8 32. Nd4 Ne7 33. Nxb5 Rxc6
34. Rxc6 Rxc6 35. d4 Nd5 36. Na3 Rb6 37. b5 f6 38. Rc1 Kf7 39. Rc6 Rxc6 40.
bxc6 Ke7 41. Nb5 Nb6 42. Kg2 Ke6 43. g4 Kd5 44. c7 Kc6 45. Nc3 Kxc7 46. Kf3 Kd6
47. Ke4 Nc4 48. h3 Nd2+ 49. Kf5 1/2-1/2

[Event "Memorial Achille Giglio"]
[Site "Napoli ITA"]
[Date "2015.09.10"]
[Round "1"]
[White "Orefice, Giovanni"]
[Black "Iandolo, Giovanni"]
[WhiteElo "1395"]
[BlackElo "1663"]
[Result "0-1"]
[PlyCount "66"]
[EventDate "2015.09.10"]

1. e4 g6 2. Nc3 Bg7 3. Nf3 d6 4. Bc4 Nf6 5. d3 a5 6. h3 c6 7. a3 b5 8. Bb3 O-O
9. O-O h6 10. Ne2 Bb7 11. c4 bxc4 12. Bxc4 Nbd7 13. b3 Nxe4 14. dxe4 Bxa1 15.
Bxh6 Bg7 16. Bxg7 Kxg7 17. Qd4+ Nf6 18. Rd1 c5 19. Qe3 Bxe4 20. Ng5 Bb7 21. Nf4
Bc8 22. Qd3 Bf5 23. Qc3 e5 24. Ne2 Qe7 25. g4 Nxg4 26. hxg4 Qxg5 27. Ng3 Bxg4
28. Rxd6 Qf4 29. Ne2 Bxe2 30. Bxe2 Rh8 31. Kf1 Rh1+ 32. Kg2 Rh2+ 33. Kf1 Qxf2#
0-1

[Event "Memorial Achille Giglio"]
[Site "Napoli ITA"]
[Date "2015.09.10"]
[Round "1"]
[White "Pellegrino, Carlo"]
[Black "Baltzopoulos, Georgios"]
[WhiteElo "1521"]
[BlackElo "2029"]
[Result "0-1"]
[PlyCount "52"]
[EventDate "2015.09.10"]

1. d4 d5 2. Nf3 Nf6 3. Nc3 Bf5 4. Bf4 c6 5. e3 e6 6. Be2 Bd6 7. Ne5 O-O 8. g4
Bg6 9. h4 h6 10. g5 hxg5 11. hxg5 Bxe5 12. dxe5 Nh7 13. Bd3 Na6 14. Qg4 Nc5 15.
Ke2 Nxd3 16. cxd3 Qb6 17. b3 Qb4 18. Rac1 c5 19. Rh4 c4 20. Kd2 cxd3 21. Qh3
Rfc8 22. Rxh7 Bxh7 23. e4 dxe4 24. Rh1 Qxc3+ 25. Ke3 Qc5+ 26. Kd2 Qxf2+ 0-1

[Event "Memorial Achille Giglio"]
[Site "Napoli ITA"]
[Date "2015.09.10"]
[Round "1"]
[White "Porta, Annaclaudia"]
[Black "Parise, Mariano"]
[WhiteElo "1356"]
[BlackElo "1465"]
[Result "0-1"]
[PlyCount "58"]
[EventDate "2015.09.10"]

1. e4 c5 2. Nf3 d6 3. Bc4 Nf6 4. Nc3 e6 5. O-O Nc6 6. d3 h6 7. Be3 d5 8. exd5
exd5 9. Bb5 d4 10. Bf4 dxc3 11. bxc3 Be7 12. Bxc6+ bxc6 13. Re1 Nd5 14. Bg3
Nxc3 15. Qd2 Nd5 16. Re5 O-O 17. c4 Nb4 18. a3 Nxd3 19. Re4 Bf5 20. Re3 Bf6 21.
Rb1 Re8 22. Nh4 Bxh4 23. Bxh4 Qxh4 24. g3 Qd8 25. Rb7 Rb8 26. Rxa7 Bh7 27. Ra6
Rb1+ 28. Re1 Rbxe1+ 29. Qxe1 Rxe1+ 0-1

[Event "Memorial Achille Giglio"]
[Site "Napoli ITA"]
[Date "2015.09.10"]
[Round "1"]
[White "Sparice, Lorenzo"]
[Black "Valenzi, Marco"]
[WhiteElo "1465"]
[BlackElo "1973"]
[Result "0-1"]
[PlyCount "95"]
[EventDate "2015.09.10"]

1. d4 Nf6 2. Nf3 d6 3. e3 g6 4. Bd3 Bg7 5. c4 O-O 6. O-O c5 7. b3 Nc6 8. Bb2
Bg4 9. a3 a5 10. Nbd2 e5 11. Qc2 cxd4 12. exd4 exd4 13. h3 Be6 14. Nxd4 Bd7 15.
Ne4 Nxe4 16. Nxc6 Bxc6 17. Bxg7 Kxg7 18. Bxe4 Qf6 19. Bxc6 bxc6 20. Rad1 Rfd8
21. Qe4 Qb2 22. Qd4+ Qxd4 23. Rxd4 Rab8 24. Rb1 a4 25. Rd3 c5 26. b4 cxb4 27.
Rxb4 Rxb4 28. axb4 Rc8 29. Ra3 Rxc4 30. b5 Rb4 31. b6 Rxb6 32. Rxa4 d5 33. Kf1
Kf6 34. g4 g5 35. Ke2 h6 36. Rd4 Ke5 37. Rd2 d4 38. f3 Rb3 39. Kf2 Rc3 40. Re2+
Kd5 41. Rd2 Kc4 42. Ke2 Re3+ 43. Kf2 Kc3 44. Re2 Re6 45. Re4 d3 46. Re3 Kc2 47.
Re4 d2 48. Rc4+ 0-1

[Event "Memorial Achille Giglio"]
[Site "Napoli ITA"]
[Date "2015.09.10"]
[Round "1"]
[White "Supino, Domenico"]
[Black "De Rosa, Fabrizio"]
[WhiteElo "2017"]
[BlackElo "1491"]
[Result "1-0"]
[PlyCount "49"]
[EventDate "2015.09.10"]

1. Nf3 b6 2. g3 Bb7 3. Bg2 d5 4. d4 Nc6 5. O-O e6 6. c4 Qd7 7. cxd5 exd5 8. Nc3
O-O-O 9. a3 Kb8 10. b4 g6 11. b5 Na5 12. Qc2 Bg7 13. Bf4 Nc4 14. a4 Nf6 15. Ne5
Nxe5 16. Bxe5 Ne8 17. Bxg7 Nxg7 18. a5 Ne6 19. e3 bxa5 20. Rxa5 c5 21. bxc6
Qxc6 22. Rb1 Qd7 23. Bxd5 Kc8 24. Bxb7+ Kc7 25. Ne4+ 1-0

[Event "Memorial Achille Giglio"]
[Site "Napoli ITA"]
[Date "2015.09.10"]
[Round "1"]
[White "Vecchione, Anna Pia"]
[Black "Spano, Angelo Salvatore"]
[WhiteElo "1716"]
[BlackElo "1416"]
[Result "1-0"]
[PlyCount "49"]
[EventDate "2015.09.10"]

1. e4 e5 2. Nf3 Nf6 3. Nxe5 Nxe4 4. Qe2 Nc5 5. Nc6+ Qe7 6. Nxe7 Bxe7 7. d4 Ne6
8. d5 Nc5 9. Nc3 d6 10. Bd2 b6 11. O-O-O Ba6 12. Qe3 h6 13. Re1 O-O 14. Qxe7
Ncd7 15. Bxa6 Nxa6 16. Qxd7 Rac8 17. Qg4 f5 18. Qg6 Rf6 19. Re8+ Rf8 20. Rxc8
Rxc8 21. Bxh6 Kf8 22. Bxg7+ Ke7 23. Re1+ Kd7 24. Qe6+ Kd8 25. Bf6# 1-0

[Event "Memorial Achille Giglio"]
[Site "Napoli ITA"]
[Date "2015.09.17"]
[Round "2"]
[White "Baltzopoulos, Georgios"]
[Black "Vecchione, Anna Pia"]
[WhiteElo "2029"]
[BlackElo "1716"]
[Result "1-0"]
[PlyCount "33"]
[EventDate "2015.09.10"]

1. e4 e5 2. Nf3 Nf6 3. d4 exd4 4. e5 Ne4 5. Qxd4 d5 6. exd6 Nxd6 7. Nc3 Nc6 8.
Qf4 Qe7+ 9. Be2 Be6 10. O-O O-O-O 11. Re1 Qf6 12. Qa4 a6 13. Bf4 Rg8 14. Rad1
g5 15. Bg3 Nf5 16. Bxa6 Bc5 17. Qxc6 1-0

[Event "Memorial Achille Giglio"]
[Site "Napoli ITA"]
[Date "2015.09.17"]
[Round "2"]
[White "Bellame, Andrea"]
[Black "Sparice, Lorenzo"]
[WhiteElo "1347"]
[BlackElo "1465"]
[Result "0-1"]
[PlyCount "120"]
[EventDate "2015.09.10"]

1. e4 c5 2. Nf3 e6 3. Bc4 b6 4. d3 Bb7 5. O-O a6 6. a3 Be7 7. Nc3 d6 8. d4 cxd4
9. Qxd4 Nf6 10. Bg5 O-O 11. Bxf6 Bxf6 12. Qd3 Bxc3 13. bxc3 b5 14. Bb3 Nc6 15.
e5 Nxe5 16. Nxe5 dxe5 17. Qxd8 Raxd8 18. Rad1 Bd5 19. Rfe1 f6 20. h3 Rc8 21.
Bxd5 exd5 22. Rxd5 Rxc3 23. Re4 Rxa3 24. Rd7 Ra4 25. Rg4 Rxg4 26. hxg4 Ra8 27.
Rd5 b4 28. f3 a5 29. Rb5 Kf7 30. Kf2 Rc8 31. Rb7+ Kg6 32. Rb5 Rxc2+ 33. Kg3 Ra2
34. f4 Ra3+ 35. Kh4 exf4 36. Rf5 b3 37. Rb5 a4 38. g5 Ra1 39. Kg4 Ra2 40. Kxf4
Rxg2 41. gxf6 gxf6 42. Kf3 Rg5 43. Rb4 h5 44. Rxa4 Rb5 45. Ra1 b2 46. Rg1+ Kh6
47. Rb1 h4 48. Kg4 Rb4+ 49. Kh3 Kh5 50. Kh2 f5 51. Kh3 f4 52. Rd1 Rb3+ 53. Kh2
b1=Q 54. Rxb1 Rxb1 55. Kg2 Rb3 56. Kf2 Rg3 57. Kf1 h3 58. Kf2 h2 59. Ke2 h1=Q
60. Kd2 Qh2+ 0-1

[Event "Memorial Achille Giglio"]
[Site "Napoli ITA"]
[Date "2015.09.17"]
[Round "2"]
[White "Calvanese, Giuseppe"]
[Black "Buiano, Fabio"]
[WhiteElo "1766"]
[BlackElo "2106"]
[Result "0-1"]
[PlyCount "60"]
[EventDate "2015.09.10"]

1. e4 c5 2. Nf3 Nc6 3. d4 cxd4 4. Nxd4 g6 5. Be3 Nf6 6. Nc3 Bg7 7. Bb5 O-O 8.
O-O Ng4 9. Qxg4 Nxd4 10. Bxd4 Bxd4 11. Nd1 d5 12. Qf3 dxe4 13. Qxe4 Bf5 14. Qe2
Qc7 15. c3 Be5 16. g3 Rad8 17. Ne3 Bc8 18. Rfd1 e6 19. Ng4 Bg7 20. Ne3 a6 21.
Ba4 b5 22. Bb3 Bb7 23. Rd2 Qc6 24. f3 Rxd2 25. Qxd2 Qxf3 26. Ng2 Bh6 27. Qc2
Be4 28. Rf1 Qxf1+ 29. Kxf1 Bxc2 30. Bxc2 Rd8 0-1

[Event "Memorial Achille Giglio"]
[Site "Napoli ITA"]
[Date "2015.09.17"]
[Round "2"]
[White "Compagnone, Luigi"]
[Black "Porta, Annaclaudia"]
[WhiteElo "1461"]
[BlackElo "1356"]
[Result "1-0"]
[PlyCount "61"]
[EventDate "2015.09.10"]

1. e4 e5 2. Nf3 Nc6 3. Nc3 Nf6 4. Bb5 Bb4 5. Bxc6 bxc6 6. Nxe5 Bxc3 7. dxc3
Nxe4 8. Qe2 Qe7 9. Qxe4 d6 10. Qxc6+ Bd7 11. Qxa8+ Qd8 12. Qxd8+ Kxd8 13. Nxf7+
Ke8 14. Nxh8 Kf8 15. O-O Kg8 16. Ng6 hxg6 17. Re1 Bf5 18. Re7 Bxc2 19. Rxc7 a6
20. Bf4 d5 21. Re1 Be4 22. f3 Bf5 23. Rc6 a5 24. Rc5 a4 25. Rxd5 Be6 26. Rd6
Bxa2 27. Rxg6 Bc4 28. Be5 Bd3 29. Rxg7+ Kf8 30. Rd1 Bc2 31. Rd8# 1-0

[Event "Memorial Achille Giglio"]
[Site "Napoli ITA"]
[Date "2015.09.17"]
[Round "2"]
[White "Cuccaro, Giuseppina"]
[Black "Esposito, Giuseppe"]
[WhiteElo "1398"]
[BlackElo "1769"]
[Result "0-1"]
[PlyCount "74"]
[EventDate "2015.09.10"]

1. d4 d5 2. c4 e6 3. Nc3 Nf6 4. Nf3 Nbd7 5. cxd5 exd5 6. e3 c6 7. Bd3 Bd6 8.
Qc2 h6 9. O-O O-O 10. Re1 Re8 11. e4 dxe4 12. Nxe4 Nxe4 13. Bxe4 Nf6 14. Bd2
Bg4 15. Qd3 Qd7 16. Ne5 Qc7 17. Bc3 Rad8 18. Qg3 Bc8 19. Re3 Nxe4 20. Rxe4 f6
21. Rh4 fxe5 22. Rxh6 exd4 23. Rxd6 Qxd6 24. Qxd6 Rxd6 25. Bb4 Rd5 26. Rd1 d3
27. h3 Re2 28. Bc3 Bf5 29. g4 Be4 30. h4 Bf3 31. g5 Rxb2 32. Re1 Rxa2 33. Rb1
d2 34. Rxb7 d1=Q+ 35. Kh2 Qh1+ 36. Kg3 Qg2+ 37. Kf4 Qg4+ 0-1

[Event "Memorial Achille Giglio"]
[Site "Napoli ITA"]
[Date "2015.09.17"]
[Round "2"]
[White "De Rosa, Fabrizio"]
[Black "Orefice, Giovanni"]
[WhiteElo "1491"]
[BlackElo "1395"]
[Result "1/2-1/2"]
[PlyCount "120"]
[EventDate "2015.09.10"]

1. e4 e5 2. f4 d6 3. Nf3 Nc6 4. Bb5 Bd7 5. d3 Nf6 6. O-O a6 7. Bc4 Be7 8. fxe5
dxe5 9. Nc3 O-O 10. d4 exd4 11. Nxd4 Bc5 12. Be3 Bxd4 13. Bxd4 Bg4 14. Bxf6
Qxd1 15. Nxd1 gxf6 16. Rxf6 Ne5 17. Ne3 Rad8 18. Raf1 Nxc4 19. Nxc4 Rd4 20. Ne5
Bh5 21. R6f5 Bg6 22. Nxg6 hxg6 23. Re5 Rd2 24. Rc5 Re8 25. Re1 c6 26. Rc3 Rd4
27. Rce3 Rd2 28. R1e2 Rxe2 29. Rxe2 Rd8 30. e5 Kg7 31. e6 Re8 32. Kf2 Rxe6 33.
Rd2 Re7 34. Rd3 f5 35. Rb3 g5 36. g3 Kg6 37. h4 Rd7 38. Rd3 Rd5 39. Rb3 Rd2+
40. Ke3 Rxc2 41. Rxb7 gxh4 42. gxh4 Rh2 43. Rb6 Rxh4 44. Rxc6+ Kg5 45. Rxa6 f4+
46. Kf2 Rh2+ 47. Kf3 Rxb2 48. Ra5+ Kf6 49. Kxf4 Ke6 50. Ke4 Rd2 51. Ke3 Rd1 52.
a4 Kd6 53. Ra8 Kc6 54. Ke2 Ra1 55. Kd3 Kc5 56. Kc3 Ra3+ 57. Kb2 Rh3 58. a5 Rh7
59. a6 Kb6 60. Ka3 Ra7 1/2-1/2

[Event "Memorial Achille Giglio"]
[Site "Napoli ITA"]
[Date "2015.09.17"]
[Round "2"]
[White "De Rosa, Francesco"]
[Black "Cammarota, Andrea"]
[WhiteElo "1957"]
[BlackElo "1563"]
[Result "1-0"]
[PlyCount "99"]
[EventDate "2015.09.10"]

1. e4 c5 2. Nf3 Nc6 3. d4 cxd4 4. Nxd4 Nf6 5. Nc3 e5 6. Ndb5 a6 7. Nd6+ Bxd6 8.
Qxd6 Qe7 9. Qxe7+ Nxe7 10. Bg5 b5 11. Bxf6 gxf6 12. a3 Bb7 13. O-O-O Rd8 14.
Bd3 Rg8 15. Rhg1 h6 16. g3 d5 17. exd5 Nxd5 18. Ne4 Ke7 19. Rge1 Ra8 20. f4 Bc6
21. fxe5 fxe5 22. Nc5 f6 23. Be4 Rgd8 24. b3 Ra7 25. c4 bxc4 26. bxc4 Nc3 27.
Rxd8 Kxd8 28. Bxc6 Rc7 29. Ne6+ Kc8 30. Nxc7 Kxc7 31. Bd5 Kd6 32. Kc2 Na4 33.
Rf1 Ke7 34. Rb1 Kd6 35. Rb4 Nc5 36. Rb6+ Ke7 37. Rc6 Nd7 38. Rxa6 f5 39. Rxh6
e4 40. Re6+ Kd8 41. Bxe4 fxe4 42. Rxe4 Nf6 43. Re6 Ng4 44. h4 Kd7 45. Rg6 Ne5
46. Rg7+ Kd6 47. h5 Nxc4 48. h6 Nxa3+ 49. Kd3 Nb5 50. h7 1-0